000 00462nam a2200181Ia 4500
001 5074
005 20260306145841.0
008 260306t2009||||xx |||||||||||||| ||spa||
041 _aESP
082 _a332.678
_bM86
100 _aMorales Castro, José Antonio
_eAUT
245 0 _aProyectos de inversión:
_bevaluación y formulación
260 _c2009
300 _axx, 402 páginas :
_c23 cm.
650 _aGEN
654 _aCAN
942 _cLIB
_dJUS
_fJUS
_2ddc
_n
999 _c5074
_d5074